| 000 | 00512nam a2200181Ia 4500 | ||
|---|---|---|---|
| 005 | 20250326123943.0 | ||
| 008 | 250326s9999 xx 000 0 und d | ||
| 037 | _aTextbook | ||
| 040 |
_aFMSL _beng _cFMSL |
||
| 041 |
_aeng _2eng |
||
| 084 |
_aV:g L2 _qFMSL |
||
| 100 |
_aRaleigh J H _9736488 |
||
| 245 | 0 |
_aHistory and the individual: college reader _cRaleigh J H |
|
| 260 |
_aNY Holt _bNY Holt, Rinehart and Winston _c1962 |
||
| 300 | _a813p | ||
| 942 |
_cTB _hV:g L2 |
||
| 999 |
_c1271636 _d1271636 |
||